000 00494nam a2200181Ia 4500
003 GCL
008 140319s9999 xx 000 0 eng d
040 _aGCL /
_cGCL
082 0 4 _a551
_bD H
100 1 _aDUFF, P. MCL. D.
245 1 0 _aHOLMES'PRINCIPLES OF PHYSICAL GEOLOGY, 4 TH ED /
_cDUFF, P. MCL. D.
260 _a[S.N] :
_bCHOPMAN & HALL WITH ELBS ،
_c1992
300 _a791 P
650 0 4 _aPHYSICAL GEOGRAPHY
650 0 4 _aPHYSICAL
650 0 4 _aPHYSICAL GEOLOGY
942 _2ddc
_cBK
999 _c19831
_d19831